[Event "RB-2011-0-00159"]
[Site "LSS email"]
[Date "2011.12.29"]
[Round "?"]
[White "Vodicka, Milan"]
[Black "Yesilbas, Coskun"]
[Result "1-0"]
[WhiteElo "1991"]
[BlackElo "1761"]
[PlyCount "36"]
[EventDate "2011.12.11"]
[EventType "tourn (corr)"]
[EventRounds "6"]
[EventCountry "GER"]
[SourceTitle "Telechess CBM 155"]
[Source "ChessBase"]
[SourceDate "2013.07.16"]
[SourceVersion "1"]
[SourceVersionDate "2013.07.16"]
[SourceQuality "1"]

1. d4 c6 2. c4 d5 3. Nf3 Nf6 4. e3 Nbd7 5. cxd5 cxd5 6. Nc3 a6 7. Bd3 e6 8. 0-0 Be7 9. Bd2 0-0 10. Qc2 b5 11. Ne2 Bb7 12. Qb3 Qb6 13. Bb4 Bxb4 14. Qxb4 Rac8 15. Rfc1 h6 16. Rxc8 Rxc8 17. Rc1 Rxc1+ 18. Nxc1 Qc6 1-0

[Event "RB-2011-0-00159"]
[Site "LSS email"]
[Date "2011.12.28"]
[Round "?"]
[White "Obukhov, Gennady Nikolaevich"]
[Black "Yesilbas, Coskun"]
[Result "1-0"]
[WhiteElo "1895"]
[BlackElo "1761"]
[PlyCount "38"]
[EventDate "2011.12.11"]
[EventType "tourn (corr)"]
[EventRounds "6"]
[EventCountry "GER"]
[SourceTitle "Telechess CBM 155"]
[Source "ChessBase"]
[SourceDate "2013.07.16"]
[SourceVersion "1"]
[SourceVersionDate "2013.07.16"]
[SourceQuality "1"]

1. d4 c6 2. e4 d5 3. Nc3 dxe4 4. Nxe4 Bf5 5. Ng3 Bg6 6. h4 h6 7. Nf3 Nd7 8. h5 Bh7 9. Bd3 Bxd3 10. Qxd3 e6 11. Bd2 Ngf6 12. 0-0-0 Bd6 13. Ne4 Nxe4 14. Qxe4 Nf6 15. Qe2 Qc7 16. Kb1 0-0-0 17. Ne5 Bxe5 18. dxe5 Nd5 19. Rhe1 Qe7 1-0

[Event "OP-2011-0-01715"]
[Site "LSS email"]
[Date "2011.08.12"]
[Round "?"]
[White "Yesilbas, Coskun"]
[Black "Schulz, Hans Juergen"]
[Result "0-1"]
[WhiteElo "1931"]
[BlackElo "1770"]
[PlyCount "94"]
[EventDate "2011.08.09"]
[EventType "tourn (corr)"]
[EventRounds "4"]
[EventCountry "GER"]
[SourceTitle "Telechess CBM 151"]
[Source "ChessBase"]
[SourceDate "2012.11.13"]
[SourceVersion "1"]
[SourceVersionDate "2012.11.13"]
[SourceQuality "1"]

1. e4 c5 2. Nf3 d6 3. d4 cxd4 4. Nxd4 Nf6 5. Nc3 Nc6 6. Be3 a6 7. Qd2 Ng4 8. Rd1 Nxe3 9. Qxe3 g6 10. Nxc6 bxc6 11. Be2 Bg7 12. Bc4 Rb8 13. Bb3 Qb6 14. Qg3 Be5 15. Qf3 0-0 16. 0-0 Kg7 17. Rfe1 f5 18. Na4 Qa7 19. Rd2 h6 20. exf5 Rxf5 21. Qd3 a5 22. c4 Be6 23. Rde2 Bf7 24. Bc2 Bf6 25. Qg3 Rg5 26. Qd3 d5 27. b3 Rb4 28. cxd5 cxd5 29. Nc3 Qc7 30. Nb5 Qc6 31. a4 e5 32. Qd2 Qb6 33. Kh1 Rh5 34. h3 Qd8 35. Rd1 Qd7 36. Qe3 Rbh4 37. Kg1 d4 38. Qd3 Rg5 39. Re3 Qc6 40. Rg3 e4 41. Qd2 e3 42. Qd3 exf2+ 43. Kxf2 Rf4+ 44. Rf3 Be6 45. Rc1 Bf5 46. Qe2 d3 47. Qe3 Bxh3 0-1

[Event "OP-2011-0-01715"]
[Site "LSS email"]
[Date "2011.08.12"]
[Round "?"]
[White "Yesilbas, Coskun"]
[Black "Venturas, Bob"]
[Result "1-0"]
[WhiteElo "1931"]
[BlackElo "716"]
[PlyCount "67"]
[EventDate "2011.08.09"]
[EventType "tourn (corr)"]
[EventRounds "4"]
[EventCountry "GER"]
[SourceTitle "Telechess CBM 151"]
[Source "ChessBase"]
[SourceDate "2012.11.13"]
[SourceVersion "1"]
[SourceVersionDate "2012.11.13"]
[SourceQuality "1"]

1. e4 e5 2. Nf3 Nc6 3. d4 exd4 4. Nxd4 Bc5 5. Be3 Nf6 6. Nc3 a6 7. Be2 d6 8. f3 Qe7 9. Nxc6 bxc6 10. Bxc5 dxc5 11. 0-0 0-0 12. Qd2 Be6 13. b3 Rad8 14. Qe3 Rb8 15. Bxa6 Rfd8 16. Bd3 Ne8 17. e5 g6 18. Rfd1 Qf8 19. Be4 Bd7 20. Na4 Rb5 21. Rxd7 Rxd7 22. Bxc6 Re7 23. Bxb5 Nd6 24. Bc6 Qg7 25. f4 Nf5 26. Qxc5 Qf8 27. Nc3 Ng7 28. Nd5 Re6 29. Nf6+ Rxf6 30. Qxf8+ Kxf8 31. exf6 Ne6 32. Rd1 h6 33. a4 Nc5 34. Rd8# 1-0